Tilastot visalle Yleistieto #79

Klikkaa tästä pelataksesi tätä visaa!

Yleistilastot

  • Tätä visaa on pelattu 278 kertaa
    (249 viimeisimmän päivityksen jälkeen)
  • Keskiarvotulos 7 / 16

Vastaustilastot

VinkkiVastaus% Oikein
MInkä bändin laulaja Olli Lindholm oli?Yön
92%
Mikä on Yhdysvaltojen pohjoisin osavaltio ?Alaska
83%
Mille maalle huippuvuoret kuuluvat?Norjalle
77%
Minkä tv-sarjan yksi päähenkilöistä oli Rachel Green ?Frendit
69%
^Minkä puolueen puheenjohtajana hän nyt toimii (maaliskuussa 2019)?Kristillisdemokraattien
67%
Mikä on Puolan toiseksi suurin kaupunki?Krakova
60%
MIkä oli Sari Essayahin urheilulaji?Kilpakävely
58%
Mikä on Tellervo ja Mauno Koiviston tyttären etunimi?Assi
41%
MInkä maan entinen presidentti oli Hugo Chavez?Venezuelan
41%
MIkä joki virtaa Rooman läpi?Tiber
35%
MInkä maan yksi osavaltio on Mato Grosso?Brasilian
28%
Mikä on heprealaisen Raamatun ensimmäinen osa, joka luetaan synagogassa läpi joka vuosi?Toora
23%
Mikä on Ghanan pääkaupunki?Accra
22%
Minkä maan diktaattori oli Robert Mugabe?Zimbabwen
22%
Kuka kehitti Tintti-hahmon?Herge
20%
MIssä Euroopan kaupungissa on huvipuisto nimeltä Tibidabo?Barcelonassa
11%

Tulosjakauma

Persentiili vastausten määrän mukaan

Jokaisen tuloksen saaneiden osuus

Tuloshistoriasi

Et ole pelannut tätä visaa sen viimeisimmän päivityksen jälkeen